[Event "TUR-chT Clubs"]
[Site "Konya"]
[Date "2019.07.17"]
[Round "3.16"]
[White "Adas, Anil"]
[Black "Avci, Kudret"]
[Result "1/2-1/2"]
[WhiteElo "1542"]
[BlackElo "1713"]
[PlyCount "118"]
[EventDate "2019.07.16"]
[EventType "team-swiss"]
[EventRounds "9"]
[EventCountry "TUR"]
[SourceTitle "CBM 191 Extra"]
[Source "ChessBase"]
[SourceDate "2019.09.30"]
[SourceVersion "1"]
[SourceVersionDate "2019.09.30"]
[SourceQuality "1"]
[WhiteTeam "Kadirli Savrun"]
[BlackTeam "Gambit Dernegi"]
[WhiteTeamCountry "TUR"]
[BlackTeamCountry "TUR"]

1. Nf3 Nf6 2. d4 g6 3. c4 Bg7 4. Nc3 0-0 5. e4 d6 6. Bd3 e5 7. d5 Nh5 8. g3 Na6 9. a3 Nc5 10. b4 Nxd3+ 11. Qxd3 f5 12. Bg5 Qe8 13. h3 Qf7 14. Ke2 h6 15. Bd2 g5 16. Rh2 a6 17. Rc1 Qg6 18. c5 fxe4 19. Nxe4 Bf5 20. Rc4 Rae8 21. cxd6 cxd6 22. Rh1 Bd7 23. b5 Bxb5 24. Bb4 Bxc4 25. Qxc4 Rc8 26. Qd3 Rfd8 27. Nfd2 Bf8 28. Nc4 Ng7 29. Nexd6 Qxd3+ 30. Kxd3 Bxd6 31. Nxd6 Rb8 32. Ke4 a5 33. Bxa5 Rxd6 34. Bc7 Rdd8 35. Bxb8 Rxb8 36. Rb1 Kf7 37. Rb6 h5 38. g4 hxg4 39. hxg4 Ne8 40. Kxe5 Ke7 41. a4 Kd7 42. d6 Ra8 43. Rxb7+ Kc6 44. Rb4 Nxd6 45. f4 Kc5 46. Rb1 Re8+ 47. Kf6 gxf4 48. g5 Rf8+ 49. Kg7 Ra8 50. Ra1 Kd5 51. g6 Ke6 52. Kh7 Kf6 53. Rf1 Ra7+ 54. Kg8 Kxg6 55. Rxf4 Ra8+ 56. Rf8 Rxa4 57. Rd8 Nf7 58. Re8 Nh6+ 59. Kf8 Ra6 1/2-1/2

[Event "TUR-chT Clubs"]
[Site "Konya"]
[Date "2019.07.16"]
[Round "1.22"]
[White "Avci, Kudret"]
[Black "Yildiz, Eyup Ensar"]
[Result "0-1"]
[WhiteElo "1713"]
[BlackElo "1555"]
[PlyCount "106"]
[EventDate "2019.07.16"]
[EventType "team-swiss"]
[EventRounds "9"]
[EventCountry "TUR"]
[SourceTitle "CBM 191 Extra"]
[Source "ChessBase"]
[SourceDate "2019.09.30"]
[SourceVersion "1"]
[SourceVersionDate "2019.09.30"]
[SourceQuality "1"]
[WhiteTeam "Gambit Dernegi"]
[BlackTeam "Avanos Genclik"]
[WhiteTeamCountry "TUR"]
[BlackTeamCountry "TUR"]

1. d4 d5 2. c4 c6 3. Nf3 Nf6 4. Nc3 Bf5 5. cxd5 Nxd5 6. e3 Nxc3 7. bxc3 Nd7 8. Bd3 Bxd3 9. Qxd3 g6 10. Rb1 b6 11. 0-0 Bg7 12. Ba3 0-0 13. Qe4 c5 14. Rfd1 Nf6 15. Qc2 Qc7 16. d5 Rad8 17. c4 Rfe8 18. Bb2 Nd7 19. Bxg7 Kxg7 20. Ne1 Nf6 21. e4 e6 22. d6 Qc6 23. e5 Nd7 24. Qe2 f6 25. f4 fxe5 26. fxe5 Rf8 27. Rb3 Rf5 28. Nf3 Rdf8 29. Re3 a6 30. Rb1 Rb8 31. Reb3 Rf4 32. h3 Qe4 33. Qb2 Qxc4 34. Ng5 Rbf8 35. Nf3 Kg8 36. Kh2 Qd5 37. Re1 Re4 38. Rxe4 Qxe4 39. Rxb6 Nxb6 40. Qxb6 Qd5 41. Qxa6 c4 42. Qa3 Ra8 43. Qb4 Rxa2 44. Qb8+ Kg7 45. Qc7+ Kh6 46. Qf7 Qe4 47. Qf8+ Kh5 48. d7 Qe2 49. Kg3 Qxg2+ 50. Kf4 g5+ 51. Ke4 Qe2+ 52. Kd4 Qd3+ 53. Kc5 Qd5+ 0-1

[Event "TUR-chT2"]
[Site "Konya"]
[Date "2018.07.15"]
[Round "9.14"]
[White "Kantar, Cihat Celaleddin"]
[Black "Avci, Kudret"]
[Result "0-1"]
[WhiteElo "1496"]
[BlackElo "1724"]
[PlyCount "138"]
[EventDate "2018.07.10"]
[EventType "team-swiss"]
[EventRounds "9"]
[EventCountry "TUR"]
[SourceTitle "EXT 2019"]
[Source "ChessBase"]
[SourceDate "2018.10.10"]
[SourceVersion "1"]
[SourceVersionDate "2018.10.10"]
[SourceQuality "1"]
[WhiteTeam "Erdem Kultur Egitim"]
[BlackTeam "Kanya Gambit"]
[WhiteTeamCountry "TUR"]
[BlackTeamCountry "TUR"]

1. e4 c5 2. Nf3 d6 3. d4 cxd4 4. Nxd4 Nf6 5. Nc3 a6 6. a4 e5 7. Nb3 Be6 8. Bg5 Nbd7 9. Nd2 Qc7 10. Bd3 Be7 11. h3 Rc8 12. 0-0 h6 13. Bxf6 Nxf6 14. Re1 0-0 15. Nf1 Qc5 16. Ng3 g6 17. Nce2 d5 18. exd5 Nxd5 19. Ne4 Qc7 20. N2c3 Nf4 21. Bf1 Kg7 22. g3 Nxh3+ 23. Bxh3 Bxh3 24. Nd5 Qd7 25. Nxe7 Qxe7 26. Nc3 Bf5 27. Qd5 Rc5 28. Qb3 Qc7 29. Rac1 Qc6 30. Re3 Rd8 31. Rce1 Re8 32. Qa3 h5 33. R1e2 f6 34. Rd2 Rc8 35. Qb4 Rc7 36. Qa3 b6 37. Qa1 Rd7 38. Qd1 Rxd2 39. Qxd2 Qd7 40. Qxd7+ Bxd7 41. Rd3 Bc6 42. f3 Kf7 43. Kf2 Ke6 44. Rd8 b5 45. axb5 axb5 46. Rb8 Kf5 47. Ke3 g5 48. Rc8 h4 49. gxh4 gxh4 50. Nd5 Rxd5 51. Rxc6 Kg5 52. Rc8 Rd4 53. Rg8+ Kf5 54. Rh8 Ke6 55. Rh6 Rf4 56. Rh8 Kd5 57. b3 b4 58. Rh6 Ke6 59. Rh8 Kf5 60. Rh7 Kg6 61. Rh8 Rd4 62. Rb8 f5 63. Rb5 h3 64. Rb8 Rh4 65. Rg8+ Kf7 66. Rg1 h2 67. Rh1 Ke6 68. Kf2 Kd5 69. Rd1+ Kc5 0-1